[Event "ARG-ch sf"]
[Site "Mar de Ajo"]
[Date "2025.05.14"]
[Round "3"]
[White "Paveto, Kevin"]
[Black "Ibarra, Juan Martin"]
[Result "1-0"]
[WhiteElo "2416"]
[BlackElo "2308"]
[PlyCount "127"]
[EventDate "2025.05.13"]
[EventType "swiss"]
[EventRounds "9"]
[EventCountry "ARG"]
[SourceTitle "CB22_2025"]
[SourceDate "2025.05.28"]
[SourceVersion "1"]
[SourceVersionDate "2025.05.28"]
[SourceQuality "1"]

1. e4 c5 2. Nf3 d6 3. d4 cxd4 4. Nxd4 Nf6 5. Nc3 Nc6 6. Bc4 g6 7. Nxc6 bxc6 8. e5 Nd7 9. exd6 exd6 10. Bf4 Qe7+ 11. Be2 d5 12. Qd4 Qf6 13. Qe3+ Qe6 14. Qg3 Bg7 15. 0-0 0-0 16. Rfe1 Nf6 17. Bd3 Qg4 18. Qxg4 Bxg4 19. h3 Be6 20. Na4 Nd7 21. c3 a5 22. Rac1 Rfe8 23. b3 Bf8 24. Be3 Ba3 25. Rcd1 Rab8 26. Ba6 Bd6 27. Re2 Nf6 28. c4 Ne4 29. Rc2 Red8 30. cxd5 cxd5 31. Bb6 Re8 32. Bb5 Rec8 33. Rxc8+ Rxc8 34. Bxa5 Be5 35. Bd3 f5 36. Bb6 d4 37. f3 Nc3 38. Re1 Nxa4 39. bxa4 Bg3 40. Ra1 Rc3 41. Rd1 Be5 42. Bb5 Ra3 43. Bxd4 Bc7 44. Rd2 Kf7 45. Kf2 h5 46. Bc5 Rc3 47. Bb4 Rc1 48. a5 Bf4 49. Re2 h4 50. a6 Bb8 51. Be8+ Kf6 52. Bd2 Bg3+ 53. Ke3 Rc8 54. Bb5 Bd5 55. Kd3 Ba8 56. Bc3+ Kg5 57. Re8 Rxe8 58. Bxe8 Bf2 59. Be5 f4 60. Bd7 Be3 61. Kc4 Kh6 62. Bc8 Bc6 63. Bb7 Ba4 64. Bd4 1-0

[Event "Santa Fe Perez op"]
[Site "Santa Fe"]
[Date "2025.03.04"]
[Round "9"]
[White "Ibarra, Juan Martin"]
[Black "Brizzi, Milagros Tatiana"]
[Result "1/2-1/2"]
[WhiteElo "2286"]
[BlackElo "2150"]
[PlyCount "78"]
[EventDate "2025.02.28"]
[EventType "swiss"]
[EventRounds "9"]
[EventCountry "ARG"]
[SourceTitle "CB10_2025"]
[SourceDate "2025.03.05"]
[SourceVersion "1"]
[SourceVersionDate "2025.03.05"]
[SourceQuality "1"]

1. e4 c6 2. d4 d5 3. e5 c5 4. c3 Nc6 5. Be2 Bf5 6. Nf3 e6 7. 0-0 cxd4 8. cxd4 Nge7 9. Nc3 Nc8 10. Ne1 Nb6 11. g4 Bg6 12. f4 Be4 13. Be3 Rc8 14. Rc1 Be7 15. f5 0-0 16. Qd2 Kh8 17. Ng2 Bxg2 18. Kxg2 Nc4 19. Bxc4 dxc4 20. Rf3 Nb4 21. Rcf1 exf5 22. gxf5 f6 23. e6 Nd5 24. Rh3 Rg8 25. Rff3 g5 26. Qf2 Nxc3 27. bxc3 Qd5 28. Qg3 Rg7 29. Qg4 b5 30. Rh6 a5 31. Kf2 b4 32. Rfh3 bxc3 33. R3h5 Rb8 34. Rxh7+ Rxh7 35. Rxh7+ Kxh7 36. Qh5+ Kg7 37. Qf7+ Kh8 38. Qh5+ Kg7 39. Qg6+ Kh8 1/2-1/2

[Event "South America-ch U20 19th"]
[Site "Santa Cruz de la Sierra"]
[Date "2024.09.01"]
[Round "7"]
[White "Ibarra, Juan Martin"]
[Black "Caceres Benitez, Arturo Eduardo"]
[Result "1-0"]
[WhiteElo "2217"]
[BlackElo "2223"]
[PlyCount "135"]
[EventDate "2024.08.28"]
[EventType "swiss"]
[EventRounds "9"]
[EventCountry "BOL"]
[SourceTitle "EXT 2025"]
[Source "ChessBase"]
[SourceDate "2024.10.14"]
[SourceVersion "1"]
[SourceVersionDate "2024.10.14"]
[SourceQuality "1"]

1. e4 c5 2. Nf3 Nc6 3. d4 cxd4 4. Nxd4 e5 5. Nb5 d6 6. N1c3 a6 7. Na3 b5 8. Nd5 Nge7 9. Bd3 Nxd5 10. exd5 Ne7 11. c4 g6 12. cxb5 Bg7 13. 0-0 0-0 14. Re1 h6 15. bxa6 Bxa6 16. Nb5 f5 17. a4 Kh7 18. Ra3 Qd7 19. Bf1 Rfc8 20. b3 Rc5 21. Bc4 Bxb5 22. axb5 Rcc8 23. Ra6 f4 24. Bb2 h5 25. Qd3 Nf5 26. Qe4 Bf6 27. Rea1 Rxa6 28. Rxa6 Rb8 29. Be2 Bd8 30. Qc4 Rc8 31. Rc6 Ra8 32. Ra6 Rc8 33. Qa4 Kh6 34. Bd3 Rb8 35. Qe4 Bb6 36. g3 Qe7 37. Bc1 Qg5 38. Qe2 Nxg3 39. hxg3 Qxg3+ 40. Kf1 Bxf2 41. Qxf2 Qxd3+ 42. Kg1 Qxd5 43. b6 Rc8 44. Bd2 Rb8 45. Ra7 Qb5 46. b7 Rxb7 47. Rxb7 Qxb7 48. b4 g5 49. Qg2 e4 50. Qh3 Qd5 51. Qc8 Qd4+ 52. Kh1 h4 53. Qe6+ Kh5 54. Qe8+ Kg4 55. Qe6+ Kf3 56. Qh3+ Ke2 57. Qg2+ Kd3 58. Be1 Qe3 59. Bf2 Qc1+ 60. Bg1 f3 61. Qf2 Qc4 62. b5 Qc8 63. Qd4+ Kc2 64. Qxe4+ Kb3 65. Qxf3+ Kb4 66. b6 Kb5 67. b7 Qg8 68. b8Q+ 1-0

[Event "South America-ch U20 19th"]
[Site "Santa Cruz de la Sierra"]
[Date "2024.08.31"]
[Round "6"]
[White "Miranda Camus, Joaquin Ignacio"]
[Black "Ibarra, Juan Martin"]
[Result "0-1"]
[WhiteElo "2063"]
[BlackElo "2217"]
[PlyCount "59"]
[EventDate "2024.08.28"]
[EventType "swiss"]
[EventRounds "9"]
[EventCountry "BOL"]
[SourceTitle "EXT 2025"]
[Source "ChessBase"]
[SourceDate "2024.10.14"]
[SourceVersion "1"]
[SourceVersionDate "2024.10.14"]
[SourceQuality "1"]

1. d4 d5 2. Bf4 c5 3. e3 Nc6 4. c3 Nf6 5. Nd2 e6 6. Bd3 Bd6 7. Bg3 e5 8. dxc5 Bxc5 9. e4 0-0 10. Ngf3 Bg4 11. 0-0 Re8 12. Qb1 d4 13. b4 dxc3 14. bxc5 cxd2 15. Nxd2 Be2 16. Bxe2 Qxd2 17. Bd3 Rad8 18. Rd1 Qc3 19. Qc2 Qa5 20. Rab1 Rd7 21. f3 Red8 22. Be1 Qc7 23. Bf2 Nd4 24. Qc4 b6 25. Rbc1 bxc5 26. Qxc5 Qxc5 27. Rxc5 Ne6 28. Rxe5 Rxd3 29. Rxd3 Rxd3 30. Bxa7 0-1

[Event "Villa Constitucion op 6th"]
[Site "Villa Constitucion"]
[Date "2024.08.18"]
[Round "9"]
[White "Mussanti, Diego"]
[Black "Ibarra, Juan Martin"]
[Result "1/2-1/2"]
[WhiteElo "2164"]
[BlackElo "2217"]
[PlyCount "118"]
[EventDate "2024.08.14"]
[EventType "swiss"]
[EventRounds "9"]
[EventCountry "ARG"]
[SourceTitle "CBM 221 Extra"]
[Source "ChessBase"]
[SourceDate "2024.09.30"]
[SourceVersion "1"]
[SourceVersionDate "2024.09.30"]
[SourceQuality "1"]

1. e4 c5 2. Nf3 d6 3. d4 cxd4 4. Nxd4 Nf6 5. Nc3 Nc6 6. Bg5 e6 7. Qd2 a6 8. 0-0-0 Bd7 9. f4 Be7 10. Nf3 b5 11. Bxf6 gxf6 12. f5 Qb6 13. g3 0-0-0 14. Bh3 Kb8 15. fxe6 fxe6 16. Kb1 Ne5 17. Nd4 b4 18. Nce2 Nc4 19. Qd3 d5 20. exd5 exd5 21. Bxd7 Rxd7 22. Rhe1 Rc8 23. Nf4 Ne5 24. Qb3 Bc5 25. Nxd5 Rxd5 26. Qxd5 Rd8 27. Rxe5 Rxd5 28. Rxd5 Bd6 29. Nc6+ Qxc6 30. Rxd6 Qf3 31. Rd7 Qe2 32. R7d2 Qe3 33. Rd8+ Kc7 34. R8d7+ Kc6 35. Rxh7 Qe2 36. Rc1 a5 37. Rh4 Kb5 38. b3 a4 39. bxa4+ Kxa4 40. Rh8 Qe4 41. Rf8 Qf3 42. Rf7 Qf2 43. h4 Qd4 44. Rf1 Ka3 45. Rf3+ Ka4 46. R7xf6 Qd1+ 47. Kb2 Qd4+ 48. Kc1 Qa1+ 49. Kd2 Qd4+ 50. Ke1 Qg1+ 51. Ke2 Qc5 52. Kf1 Qxc2 53. Rf2 Qe4 54. Kg1 Qg4 55. Kh2 Qh5 56. R6f5 Qh7 57. R5f4 Qg6 58. Rb2 Ka3 59. Rfxb4 Qxg3+ 1/2-1/2

[Event "Villa Constitucion op 6th"]
[Site "Villa Constitucion"]
[Date "2024.08.17"]
[Round "7"]
[White "Lagar, Valentin Alejo"]
[Black "Ibarra, Juan Martin"]
[Result "0-1"]
[WhiteElo "2186"]
[BlackElo "2217"]
[PlyCount "72"]
[EventDate "2024.08.14"]
[EventType "swiss"]
[EventRounds "9"]
[EventCountry "ARG"]
[SourceTitle "CBM 221 Extra"]
[Source "ChessBase"]
[SourceDate "2024.09.30"]
[SourceVersion "1"]
[SourceVersionDate "2024.09.30"]
[SourceQuality "1"]

1. e4 c6 2. d4 d5 3. e5 Bf5 4. Nf3 e6 5. Be2 Nd7 6. 0-0 h6 7. Nbd2 Ne7 8. Nb3 Bh7 9. a4 Nf5 10. a5 a6 11. Bd3 c5 12. c4 dxc4 13. Bxc4 cxd4 14. Nbxd4 Bc5 15. Bxe6 Nxd4 16. Nxd4 0-0 17. Bf5 Bxf5 18. Nxf5 Nxe5 19. Qh5 Qf6 20. Bd2 Rfe8 21. Rae1 Nd3 22. Rxe8+ Rxe8 23. Qf3 Ne5 24. Qe4 Qc6 25. Qh4 Qg6 26. Qe4 Qg4 27. Bf4 Nf3+ 28. Qxf3 Qxf5 29. Qc3 Re2 30. Be3 Bxe3 31. fxe3 Qg5 32. Rf2 Qxe3 33. Qxe3 Rxe3 34. Kf1 Rb3 35. g4 Rb5 36. Rf5 Rxb2 0-1

[Event "Rosario Bandera"]
[Site "Rosario"]
[Date "2024.06.17"]
[Round "6"]
[White "Ibarra, Juan Martin"]
[Black "Villanueva, Mario Nicolas"]
[Result "0-1"]
[WhiteElo "2278"]
[BlackElo "2453"]
[PlyCount "86"]
[EventDate "2024.06.14"]
[EventType "tourn"]
[EventRounds "9"]
[EventCountry "ARG"]
[EventCategory "2"]
[SourceTitle "CBM 220 Extra"]
[Source "ChessBase"]
[SourceDate "2024.07.31"]
[SourceVersion "1"]
[SourceVersionDate "2024.07.31"]
[SourceQuality "1"]

1. e4 c6 2. d4 d5 3. e5 c5 4. Nf3 cxd4 5. Nxd4 Nc6 6. Nxc6 bxc6 7. Bd3 e6 8. 0-0 Ne7 9. Be3 Ng6 10. f4 c5 11. c4 Be7 12. cxd5 exd5 13. Bb5+ Bd7 14. Bxd7+ Qxd7 15. Nd2 d4 16. Qf3 0-0 17. Bf2 Rad8 18. Rae1 Qd5 19. g3 f5 20. Qd3 Rf7 21. b3 Nf8 22. e6 Nxe6 23. Re5 Qd7 24. Rfe1 Nc7 25. Qc4 Bd6 26. R5e2 Qb5 27. Qc1 Nd5 28. a4 Qd3 29. Nc4 Nc3 30. Re8+ Rxe8 31. Rxe8+ Bf8 32. Qe1 Ne4 33. Ne5 Qxb3 34. Nxf7 Kxf7 35. Ra8 Qb7 36. Rd8 Be7 37. Rh8 d3 38. Qd1 d2 39. Be3 Qd5 40. Rc8 g6 41. Rc7 Qd3 42. Bf2 Nc3 43. Qb3+ Qd5 0-1

[Event "Rosario Bandera"]
[Site "Rosario"]
[Date "2024.06.14"]
[Round "1"]
[White "Castro Salgado, Pablo Alonso"]
[Black "Ibarra, Juan Martin"]
[Result "1-0"]
[WhiteElo "2091"]
[BlackElo "2278"]
[PlyCount "68"]
[EventDate "2024.06.14"]
[EventType "tourn"]
[EventRounds "9"]
[EventCountry "ARG"]
[EventCategory "2"]
[SourceTitle "CBM 220 Extra"]
[Source "ChessBase"]
[SourceDate "2024.07.31"]
[SourceVersion "1"]
[SourceVersionDate "2024.07.31"]
[SourceQuality "1"]

1. d4 d5 2. c4 e6 3. Nf3 a6 4. cxd5 exd5 5. Nc3 c6 6. Bf4 Bd6 7. Bxd6 Qxd6 8. e3 Bf5 9. Nh4 Be6 10. Bd3 Nf6 11. 0-0 0-0 12. h3 Re8 13. Qc2 Qe7 14. Nf3 Nbd7 15. Ne5 g6 16. f4 Nxe5 17. fxe5 Nh5 18. Qf2 Qg5 19. Kh2 c5 20. Na4 c4 21. Be2 Ng7 22. Nc3 Nf5 23. e4 Ne3 24. exd5 Nxf1+ 25. Rxf1 Bf5 26. Bxc4 b5 27. Bb3 b4 28. Na4 h5 29. Nc5 Kh8 30. Nb7 Bd3 31. Nd6 Re7 32. h4 Qg4 33. Qf6+ Kg8 34. Rf3 Qd7 1-0

[Event "Titled Tuesday intern op 05th Mar Late"]
[Site "Chess.com INT"]
[Date "2024.03.05"]
[Round "1"]
[White "Bauml, Broderick Kenneth"]
[Black "Ibarra, Juan Martin"]
[Result "0-1"]
[WhiteElo "2071"]
[BlackElo "2294"]
[PlyCount "84"]
[EventDate "2024.03.05"]
[EventType "swiss (blitz)"]
[EventRounds "11"]
[EventCountry "USA"]
[SourceTitle "EXT 2025"]
[Source "ChessBase"]
[SourceDate "2024.10.14"]
[SourceVersion "1"]
[SourceVersionDate "2024.10.14"]
[SourceQuality "1"]

1. e4 c5 2. Nc3 Nc6 3. Bb5 Nd4 4. Nf3 a6 5. Bd3 g6 6. b4 d6 7. Rb1 Bg7 8. 0-0 Nf6 9. bxc5 dxc5 10. Nxd4 cxd4 11. Ne2 0-0 12. f3 Nd7 13. c3 Ne5 14. Bc2 d3 15. Bb3 dxe2 16. Qxe2 Qd3 17. Qxd3 Nxd3 18. Ba3 Re8 19. f4 Bd7 20. Rf3 Bc6 21. Bd5 Ba4 22. Bb3 Bxb3 23. axb3 Rad8 24. Kf1 e5 25. g3 exf4 26. gxf4 Rxe4 27. f5 Rf4 28. Rxf4 Nxf4 29. d4 gxf5 30. Rb2 Nd5 31. Rf2 f4 32. Bb2 b5 33. Ke1 b4 34. c4 Ne3 35. Rxf4 Ng2+ 36. Kf2 Nxf4 37. Kf3 Bxd4 38. Bc1 Ne6 39. h4 Bc3 40. Ke2 Nd4+ 41. Kf2 Nxb3 42. Bg5 f6 0-1

[Event "Titled Tuesday intern op 05th Mar Late"]
[Site "Chess.com INT"]
[Date "2024.03.05"]
[Round "4"]
[White "Ibarra, Juan Martin"]
[Black "Cruz, William Ferreira Da"]
[Result "1-0"]
[WhiteElo "2294"]
[BlackElo "2216"]
[PlyCount "71"]
[EventDate "2024.03.05"]
[EventType "swiss (blitz)"]
[EventRounds "11"]
[EventCountry "USA"]
[SourceTitle "EXT 2025"]
[Source "ChessBase"]
[SourceDate "2024.10.14"]
[SourceVersion "1"]
[SourceVersionDate "2024.10.14"]
[SourceQuality "1"]

1. e4 e6 2. d4 d5 3. e5 c5 4. c3 Nc6 5. Nf3 Nge7 6. Na3 cxd4 7. cxd4 Nf5 8. Nc2 Qb6 9. Bd3 Bd7 10. 0-0 Na5 11. Bxf5 exf5 12. Ne3 Be6 13. b3 Be7 14. Bd2 0-0 15. Ne1 Nc6 16. Bc3 f4 17. N3c2 Rac8 18. Bb2 f6 19. Nd3 fxe5 20. Nxe5 Nxe5 21. dxe5 f3 22. g3 Bh3 23. Re1 Bc5 24. Bd4 Bf5 25. Bxc5 Qxc5 26. Nd4 Rce8 27. Rc1 Qa5 28. b4 Qxa2 29. Rc7 Qb2 30. Nxf5 Rxf5 31. Qxd5+ Kh8 32. Qd7 Rg8 33. Qxf5 Qxb4 34. Rec1 a5 35. Rc8 Qb3 36. Rxg8+ 1-0

[Event "Titled Tuesday intern op 05th Mar Late"]
[Site "Chess.com INT"]
[Date "2024.03.05"]
[Round "9"]
[White "Ibarra, Juan Martin"]
[Black "Gallo Garcia, Kemel Antonio"]
[Result "1-0"]
[WhiteElo "2294"]
[BlackElo "2397"]
[PlyCount "23"]
[EventDate "2024.03.05"]
[EventType "swiss (blitz)"]
[EventRounds "11"]
[EventCountry "USA"]
[SourceTitle "EXT 2025"]
[Source "ChessBase"]
[SourceDate "2024.10.14"]
[SourceVersion "1"]
[SourceVersionDate "2024.10.14"]
[SourceQuality "1"]

1. e4 e5 2. Nf3 Nc6 3. Nc3 Nf6 4. d4 exd4 5. Nxd4 Bb4 6. Nxc6 bxc6 7. Bd3 d5 8. exd5 0-0 9. 0-0 Bg4 10. f3 Bh5 11. Bg5 Qxd5 12. Nxd5 1-0

[Event "Titled Tuesday intern op 05th Mar Late"]
[Site "Chess.com INT"]
[Date "2024.03.05"]
[Round "2"]
[White "Ibarra, Juan Martin"]
[Black "Le, Quang Liem"]
[Result "0-1"]
[WhiteElo "2294"]
[BlackElo "2731"]
[PlyCount "62"]
[EventDate "2024.03.05"]
[EventType "swiss (blitz)"]
[EventRounds "11"]
[EventCountry "USA"]
[SourceTitle "EXT 2025"]
[Source "ChessBase"]
[SourceDate "2024.10.14"]
[SourceVersion "1"]
[SourceVersionDate "2024.10.14"]
[SourceQuality "1"]

1. e4 c5 2. Nf3 d6 3. d4 cxd4 4. Nxd4 Nf6 5. Nc3 Bd7 6. Bd3 Nc6 7. Nb3 g6 8. 0-0 Bg7 9. Bg5 h6 10. Bh4 0-0 11. Re1 a5 12. a4 Nb4 13. Bb5 Rc8 14. e5 Bg4 15. exf6 Bxd1 16. fxg7 g5 17. gxf8Q+ Kxf8 18. Raxd1 gxh4 19. Rd2 e6 20. Nd4 Kg8 21. h3 d5 22. Nce2 Qf6 23. c3 Nc6 24. Nc1 Ne7 25. Rd3 e5 26. Rf3 Qg5 27. Ndb3 e4 28. Rfe3 Nf5 29. R3e2 Kh8 30. Bd7 Rg8 31. Bxf5 Qxg2# 0-1

[Event "Titled Tuesday intern op 05th Mar Late"]
[Site "Chess.com INT"]
[Date "2024.03.05"]
[Round "6"]
[White "Le Goff, Ronan"]
[Black "Ibarra, Juan Martin"]
[Result "1-0"]
[WhiteElo "2286"]
[BlackElo "2294"]
[PlyCount "149"]
[EventDate "2024.03.05"]
[EventType "swiss (blitz)"]
[EventRounds "11"]
[EventCountry "USA"]
[SourceTitle "EXT 2025"]
[Source "ChessBase"]
[SourceDate "2024.10.14"]
[SourceVersion "1"]
[SourceVersionDate "2024.10.14"]
[SourceQuality "1"]

1. d4 d5 2. c4 c6 3. Nf3 Nf6 4. e3 e6 5. Qc2 Bd6 6. b3 0-0 7. Bb2 Nbd7 8. Nbd2 Qe7 9. Bd3 b6 10. 0-0 Bb7 11. Rfe1 Rfe8 12. e4 dxe4 13. Nxe4 Nxe4 14. Rxe4 Ba3 15. Bxa3 Qxa3 16. c5 bxc5 17. Ne5 Nf6 18. Nc4 Qb4 19. a3 Qb5 20. Re5 Ba6 21. Rxc5 Qb8 22. Ne5 Qd6 23. Bxa6 Qxd4 24. Qc3 Qh4 25. Nf3 Qf4 26. Qe5 Qh6 27. Qg5 Qxg5 28. Nxg5 h6 29. Nf3 Rab8 30. b4 Rb6 31. Bf1 Ne4 32. Rc4 Nd6 33. Rd4 Nb5 34. Bxb5 cxb5 35. Rc1 Kh7 36. Ne5 f6 37. Nd7 Ra6 38. Rc7 Kg6 39. g4 Rxa3 40. h4 h5 41. Nc5 a5 42. Rdd7 Rg8 43. bxa5 Rxa5 44. Nxe6 hxg4 45. Nxg7 b4 46. Ne6 b3 47. Rb7 Re5 48. Nf4+ Kf5 49. Nd3 Re2 50. Rxb3 g3 51. Rb5+ Ke6 52. Nf4+ Kxd7 53. Nxe2 gxf2+ 54. Kxf2 Rg4 55. h5 Ke6 56. Kf3 Rh4 57. Nf4+ Kf7 58. Kg3 Rh1 59. Kg4 Rg1+ 60. Kf3 Rf1+ 61. Kg3 Rh1 62. Rb7+ Kg8 63. Kg4 Rg1+ 64. Kf5 Rf1 65. Kg6 Kf8 66. Rf7+ Ke8 67. Rxf6 Rg1+ 68. Kf5 Ke7 69. Rg6 Rf1 70. h6 Rh1 71. Rg7+ Kf8 72. Ne6+ Ke8 73. Rg6 Rh5+ 74. Kf6 Rxh6 75. Rxh6 1-0

[Event "Titled Tuesday intern op 05th Mar Late"]
[Site "Chess.com INT"]
[Date "2024.03.05"]
[Round "10"]
[White "Pashikyan, Rudolf"]
[Black "Ibarra, Juan Martin"]
[Result "1-0"]
[WhiteElo "2286"]
[BlackElo "2294"]
[PlyCount "65"]
[EventDate "2024.03.05"]
[EventType "swiss (blitz)"]
[EventRounds "11"]
[EventCountry "USA"]
[SourceTitle "EXT 2025"]
[Source "ChessBase"]
[SourceDate "2024.10.14"]
[SourceVersion "1"]
[SourceVersionDate "2024.10.14"]
[SourceQuality "1"]

1. e4 c5 2. Nf3 d6 3. Bb5+ Bd7 4. c4 g6 5. Nc3 Bg7 6. 0-0 Nf6 7. Bxd7+ Qxd7 8. d4 cxd4 9. Qxd4 0-0 10. Bg5 Nc6 11. Qd3 Rac8 12. Rac1 h6 13. Bd2 a6 14. Rfd1 Qe6 15. b3 Rfd8 16. h3 Ne5 17. Nxe5 dxe5 18. Nd5 b5 19. Ba5 bxc4 20. bxc4 Rf8 21. Qa3 Kh7 22. Nxe7 Rxc4 23. Rxc4 Qxc4 24. f3 Re8 25. Nd5 Bf8 26. Nxf6+ Kh8 27. Qb3 Qc5+ 28. Kh1 Re6 29. Nd7 Qxa5 30. Nxf8 Rf6 31. Nd7 Re6 32. Qb8+ Kh7 33. Nf8+ 1-0

[Event "Titled Tuesday intern op 05th Mar Late"]
[Site "Chess.com INT"]
[Date "2024.03.05"]
[Round "8"]
[White "Tsatsalashvili, Ketevan"]
[Black "Ibarra, Juan Martin"]
[Result "1/2-1/2"]
[WhiteElo "2315"]
[BlackElo "2294"]
[PlyCount "78"]
[EventDate "2024.03.05"]
[EventType "swiss (blitz)"]
[EventRounds "11"]
[EventCountry "USA"]
[SourceTitle "EXT 2025"]
[Source "ChessBase"]
[SourceDate "2024.10.14"]
[SourceVersion "1"]
[SourceVersionDate "2024.10.14"]
[SourceQuality "1"]

1. d4 d5 2. Nf3 Nf6 3. e3 c6 4. Bd3 Bg4 5. c4 Nbd7 6. cxd5 cxd5 7. 0-0 e6 8. h3 Bh5 9. Nbd2 Bd6 10. Qb3 b6 11. Ba6 0-0 12. Qd3 Qe7 13. a3 Nb8 14. Bb5 a6 15. Ba4 Rc8 16. b4 b5 17. Bd1 Nbd7 18. Nb3 Bg6 19. Qe2 Ne4 20. Bb2 Nb6 21. Nc5 Nc4 22. a4 Qf6 23. Ra2 a5 24. axb5 axb4 25. Rxa8 Rxa8 26. Nxe4 Bxe4 27. Bb3 Bxf3 28. gxf3 Qg5+ 29. Kh1 Qh5 30. Kg2 Qg6+ 31. Kh1 Qf5 32. Kg2 Rc8 33. Rc1 Qg6+ 34. Kh1 Qf5 35. Kg2 Qg6+ 36. Kh1 Qh5 37. Kg2 Qg5+ 38. Kh1 Qh5 39. Kg2 Qg6+ 1/2-1/2

[Event "Maldonado IM 3rd"]
[Site "Maldonado"]
[Date "2023.12.08"]
[Round "7"]
[White "Hoffman, Alejandro"]
[Black "Ibarra, Juan Martin"]
[Result "0-1"]
[WhiteElo "2354"]
[BlackElo "2247"]
[PlyCount "54"]
[EventDate "2023.12.04"]
[EventType "tourn"]
[EventRounds "9"]
[EventCountry "URU"]
[EventCategory "1"]
[SourceTitle "CBM 217 Extra"]
[Source "ChessBase"]
[SourceDate "2024.01.31"]
[SourceVersion "1"]
[SourceVersionDate "2024.01.31"]
[SourceQuality "1"]

1. d4 d5 2. c4 c6 3. Nf3 Nf6 4. e3 e6 5. Nbd2 c5 6. b3 cxd4 7. exd4 Be7 8. Bb2 0-0 9. Bd3 b6 10. 0-0 Bb7 11. Qe2 Nbd7 12. Rad1 Re8 13. Ne5 Nxe5 14. dxe5 Nd7 15. cxd5 Bxd5 16. Ne4 Qc7 17. Rc1 Qb8 18. Bb5 Rd8 19. Bxd7 Rxd7 20. Nf6+ gxf6 21. exf6 Bf8 22. Qg4+ Kh8 23. Rc3 Bh6 24. Qh5 Qf4 25. Bc1 Qe4 26. Rg3 Rg8 27. Qxh6 Qxg2+ 0-1

[Event "Pan American-ch U20"]
[Site "Vila Santa Cecilia"]
[Date "2023.11.09"]
[Round "6.2"]
[White "Ibarra, Juan Martin"]
[Black "Oro, Faustino"]
[Result "1-0"]
[WhiteElo "2213"]
[BlackElo "2377"]
[PlyCount "137"]
[EventDate "2023.11.06"]
[EventType "swiss"]
[EventRounds "9"]
[EventCountry "BRA"]
[SourceTitle "CBM 217 Extra"]
[Source "ChessBase"]
[SourceDate "2024.01.31"]
[SourceVersion "1"]
[SourceVersionDate "2024.01.31"]
[SourceQuality "1"]

1. e4 c5 2. Nf3 Nc6 3. d4 cxd4 4. Nxd4 Nf6 5. Nc3 e5 6. Ndb5 d6 7. Nd5 Nxd5 8. exd5 Nb8 9. c4 Be7 10. Bd3 0-0 11. 0-0 a6 12. Nc3 f5 13. f3 Nd7 14. a3 Bg5 15. Qc2 g6 16. b4 b6 17. Na4 Bb7 18. Bxg5 Qxg5 19. Qc1 Qxc1 20. Raxc1 Rac8 21. Rb1 Rc7 22. Rfc1 Rfc8 23. c5 b5 24. c6 bxa4 25. Bc4 Nb8 26. cxb7 Rxb7 27. Be2 Rbc7 28. Rxc7 Rxc7 29. Bd1 Rc3 30. Ra1 Nd7 31. Bxa4 Nb6 32. Bc6 Rb3 33. Bb7 Nc4 34. Bxa6 Nxa3 35. Rc1 Rxb4 36. Rc6 e4 37. fxe4 fxe4 38. Kf2 Rb3 39. Rxd6 Nc2 40. Rd8+ Kg7 41. d6 e3+ 42. Kf3 Nd4+ 43. Ke4 Ne6 44. Re8 Nc5+ 45. Kd4 Nxa6 46. d7 Nb8 47. d8Q Nc6+ 48. Kc4 Nxd8 49. Kxb3 Nc6 50. Rxe3 Kf6 51. Kc4 h5 52. Kd5 Ne7+ 53. Ke4 Nf5 54. Ra3 Kg5 55. Ke5 h4 56. Rb3 Nh6 57. Ke6 Nf5 58. Kf7 Nd6+ 59. Kg7 Ne8+ 60. Kf8 Nd6 61. Rb6 Nc4 62. Ra6 Kf5 63. Kg7 g5 64. Kh6 g4 65. Kh5 Ne3 66. Ra5+ Kf4 67. Ra4+ Kf5 68. g3 hxg3 69. hxg3 1-0

[Event "Pan American-ch U20"]
[Site "Vila Santa Cecilia"]
[Date "2023.11.08"]
[Round "4.3"]
[White "Filgueiras, Nathan Felipe"]
[Black "Ibarra, Juan Martin"]
[Result "1/2-1/2"]
[WhiteElo "2323"]
[BlackElo "2213"]
[PlyCount "108"]
[EventDate "2023.11.06"]
[EventType "swiss"]
[EventRounds "9"]
[EventCountry "BRA"]
[SourceTitle "CBM 217 Extra"]
[Source "ChessBase"]
[SourceDate "2024.01.31"]
[SourceVersion "1"]
[SourceVersionDate "2024.01.31"]
[SourceQuality "1"]

1. e4 c6 2. d4 d5 3. e5 Bf5 4. Nf3 e6 5. Be2 c5 6. Be3 Qb6 7. Nc3 Nc6 8. Rb1 Bg4 9. Bb5 Bxf3 10. gxf3 cxd4 11. Qxd4 Qxd4 12. Bxd4 Nge7 13. Ne2 Nf5 14. c3 Be7 15. f4 0-0 16. 0-0 Rac8 17. Be3 f6 18. exf6 Rxf6 19. Rbd1 Nd6 20. Bd3 a6 21. Rfe1 Nf5 22. Ng3 Nxe3 23. fxe3 Bc5 24. Kg2 Rcf8 25. Bc2 g6 26. b4 Ba7 27. Bb3 Rc8 28. e4 Ne7 29. exd5 Nxd5 30. Bxd5 exd5 31. Rxd5 Rf7 32. Ne4 Bb8 33. Ng5 Rxf4 34. Re7 Rcf8 35. Ne4 Rg4+ 36. Ng3 Rgf4 37. Rdd7 Rf2+ 38. Kh3 R8f7 39. Rxb7 Rxe7 40. Rxe7 Bxg3 41. hxg3 Rxa2 42. c4 Rc2 43. c5 Rc4 44. Rb7 g5 45. g4 h6 46. Kg3 Kf8 47. Kf3 Ke8 48. Rb6 Kd7 49. Rd6+ Kc7 50. Rxa6 Rxb4 51. Rxh6 Rf4+ 52. Kg3 Rc4 53. Kf3 Rf4+ 54. Kg3 Rc4 1/2-1/2

[Event "Wch U20 60th"]
[Site "Mexico City"]
[Date "2023.10.01"]
[Round "11"]
[White "Levin, Guy"]
[Black "Ibarra, Juan Martin"]
[Result "1-0"]
[WhiteElo "2409"]
[BlackElo "2219"]
[PlyCount "79"]
[EventDate "2023.09.21"]
[EventType "swiss"]
[EventRounds "11"]
[EventCountry "MEX"]
[SourceTitle "CBM 216 Extra"]
[Source "ChessBase"]
[SourceDate "2023.11.30"]
[SourceVersion "1"]
[SourceVersionDate "2023.11.30"]
[SourceQuality "1"]

1. Nf3 d5 2. g3 g6 3. Bg2 Bg7 4. d4 c6 5. 0-0 Nf6 6. c4 dxc4 7. a4 Ne4 8. Qc2 Nd6 9. Nbd2 Na6 10. Nxc4 Bf5 11. Nxd6+ Qxd6 12. e4 Bg4 13. Bf4 Qd7 14. Ne5 Bxe5 15. dxe5 0-0-0 16. b4 Nxb4 17. Qc5 Nd3 18. Qxa7 Nxf4 19. gxf4 Qd4 20. Qa5 Kb8 21. Rab1 Qa7 22. Qc3 Qxa4 23. Rb4 Qa6 24. Rfb1 Be2 25. Qb2 Rd1+ 26. Rxd1 Bxd1 27. e6 f6 28. e5 Rd8 29. Bf1 Qa7 30. exf6 exf6 31. Qxf6 Rd2 32. Qh8+ Kc7 33. Qxh7+ Kc8 34. Qg8+ Rd8 35. Qf7 Rd2 36. Qf8+ Kc7 37. Rxb7+ Qxb7 38. Qe7+ Kc8 39. Qxb7+ Kxb7 40. e7 1-0